|
|
|
|
| LEADER |
01000cam a2200265 ca4500 |
| 001 |
598679502 |
| 003 |
DE-627 |
| 005 |
20240810195841.0 |
| 007 |
tu |
| 008 |
090428m20099999gw ||||| 00| ||lat c |
| 035 |
|
|
|a (DE-627)598679502
|
| 035 |
|
|
|a (DE-576)9598679500
|
| 035 |
|
|
|a (DE-599)GBV598679502
|
| 040 |
|
|
|a DE-627
|b ger
|c DE-627
|e rakwb
|
| 041 |
|
|
|a lat
|a ger
|
| 044 |
|
|
|c XA-DE-NI
|
| 084 |
|
|
|a NM 1100
|2 rvk
|0 (DE-625)rvk/126263:
|
| 084 |
|
|
|a NM 1000
|2 rvk
|0 (DE-625)rvk/126262:
|
| 084 |
|
|
|a 11.52
|2 bkl
|
| 100 |
0 |
|
|a Joachim
|c von Fiore
|d 1130-1202
|e verfasserin
|0 (DE-588)118557564
|0 (DE-627)079354726
|0 (DE-576)16159218X
|4 aut
|
| 245 |
1 |
0 |
|a Ioachimi abbatis Florensis Opera omnia
|
| 246 |
1 |
|
|i Ansetzungssachtitel
|a Opera omnia
|
| 264 |
|
1 |
|a Hannover
|b Hahn
|c 2009-
|
| 336 |
|
|
|a Text
|b txt
|2 rdacontent
|
| 337 |
|
|
|a ohne Hilfsmittel zu benutzen
|b n
|2 rdamedia
|
| 338 |
|
|
|a Band
|b nc
|2 rdacarrier
|
| 490 |
0 |
|
|a Monumenta Germaniae Historica
|a Quellen zur Geistesgeschichte des Mittelalters
|v ...
|
| 500 |
|
|
|a Band 2 im Verlag Harrassowitz Verlag, Wiesbaden, erschienen
|
| 912 |
|
|
|a GBV_ILN_11
|
| 912 |
|
|
|a ISIL_DE-1a
|
| 912 |
|
|
|a SYSFLAG_1
|
| 912 |
|
|
|a GBV_KXP
|
| 912 |
|
|
|a GBV_ILN_20
|
| 912 |
|
|
|a ISIL_DE-84
|
| 912 |
|
|
|a GBV_ILN_21
|
| 912 |
|
|
|a ISIL_DE-46
|
| 912 |
|
|
|a GBV_ILN_22
|
| 912 |
|
|
|a ISIL_DE-18
|
| 912 |
|
|
|a GBV_ILN_22_i30908
|
| 912 |
|
|
|a GBV_ILN_24
|
| 912 |
|
|
|a ISIL_DE-8
|
| 912 |
|
|
|a GBV_ILN_24_f040
|
| 912 |
|
|
|a GBV_ILN_31
|
| 912 |
|
|
|a ISIL_DE-27
|
| 912 |
|
|
|a GBV_ILN_40
|
| 912 |
|
|
|a ISIL_DE-7
|
| 912 |
|
|
|a GBV_ILN_40_i042
|
| 912 |
|
|
|a GBV_ILN_40_i053
|
| 912 |
|
|
|a GBV_ILN_50
|
| 912 |
|
|
|a ISIL_DE-23
|
| 912 |
|
|
|a GBV_ILN_60
|
| 912 |
|
|
|a ISIL_DE-705
|
| 912 |
|
|
|a GBV_ILN_61
|
| 912 |
|
|
|a ISIL_DE-32
|
| 912 |
|
|
|a GBV_ILN_69
|
| 912 |
|
|
|a ISIL_DE-9
|
| 912 |
|
|
|a GBV_ILN_70
|
| 912 |
|
|
|a ISIL_DE-89
|
| 912 |
|
|
|a GBV_ILN_72
|
| 912 |
|
|
|a ISIL_DE-35
|
| 912 |
|
|
|a GBV_ILN_92
|
| 912 |
|
|
|a ISIL_DE-33
|
| 912 |
|
|
|a GBV_ILN_120
|
| 912 |
|
|
|a ISIL_DE-715
|
| 912 |
|
|
|a GBV_ILN_130
|
| 912 |
|
|
|a ISIL_DE-700
|
| 912 |
|
|
|a GBV_ILN_179
|
| 912 |
|
|
|a ISIL_DE-B4
|
| 912 |
|
|
|a GBV_ILN_227
|
| 912 |
|
|
|a ISIL_DE-56
|
| 912 |
|
|
|a GBV_ILN_285
|
| 912 |
|
|
|a ISIL_DE-517
|
| 912 |
|
|
|a GBV_ILN_350
|
| 912 |
|
|
|a ISIL_DE-2795
|
| 912 |
|
|
|a GBV_ILN_350_
|
| 936 |
r |
v |
|a NM 1100
|b Deutschland
|k Geschichte
|k Geschichte des Mittelalters
|k Quellen und Darstellungen zum Gesamtzeitraum
|k Quellen (vor allem Reihen)
|k Deutschland
|0 (DE-627)1270879855
|0 (DE-625)rvk/126263:
|0 (DE-576)200879855
|
| 936 |
r |
v |
|a NM 1000
|b Allgemeines
|k Geschichte
|k Geschichte des Mittelalters
|k Quellen und Darstellungen zum Gesamtzeitraum
|k Quellen (vor allem Reihen)
|k Allgemeines
|0 (DE-627)1271458276
|0 (DE-625)rvk/126262:
|0 (DE-576)201458276
|
| 936 |
b |
k |
|a 11.52
|j Mittelalterliches Christentum
|0 (DE-627)10641965X
|
| 951 |
|
|
|a MC
|
| 980 |
|
|
|2 11
|1 01
|x 0001
|b 932686079
|y x
|z 28-04-09
|
| 980 |
|
|
|2 20
|1 01
|x 0084
|b 1779995237
|y x
|z 21-06-18
|
| 980 |
|
|
|2 21
|1 01
|x 0046
|b 935990666
|y xza
|z 28-05-09
|
| 980 |
|
|
|2 22
|1 01
|x 0018
|b 932964273
|y xi30908
|z 29-04-09
|
| 980 |
|
|
|2 22
|1 02
|x 0018
|b 934263809
|y xu
|z 12-05-09
|
| 980 |
|
|
|2 24
|1 01
|x 0008
|b 932686974
|h ha
|y xf040
|z 28-04-09
|
| 980 |
|
|
|2 24
|1 03
|x 0008
|b 933584091
|c 00
|f 10 gsd 82v
|d R 3523-20 u.ö.
|e u
|j --%%--
|h hb
|y zz1
|z 06-05-09
|
| 980 |
|
|
|2 31
|1 01
|x 0027
|b 934148031
|y x
|z 12-05-09
|
| 980 |
|
|
|2 40
|1 02
|x 7/149
|b 938719718
|c 00
|f 7/042
|d --%%--
|e i
|j --%%--
|y xi042
|z 28-07-09
|
| 980 |
|
|
|2 40
|1 03
|x 0007
|b 1157112358
|y xi053
|z 27-04-10
|
| 980 |
|
|
|2 50
|1 01
|x 0023
|b 934427860
|y x
|z 13-05-09
|
| 980 |
|
|
|2 60
|1 01
|x 0705
|b 934109230
|y x
|z 10-08-09
|
| 980 |
|
|
|2 61
|1 01
|x 0032
|b 932215327
|y x
|z 27-07-09
|
| 980 |
|
|
|2 69
|1 01
|x 0009
|b 932986153
|y x
|z 30-04-09
|
| 980 |
|
|
|2 70
|1 80
|x 0089
|b 93265391X
|y xsg
|z 28-04-09
|
| 980 |
|
|
|2 72
|1 01
|x 0035
|b 939612275
|y xzp
|z 01-07-09
|
| 980 |
|
|
|2 92
|1 01
|x 0033
|b 932650902
|y x
|z 28-04-09
|
| 980 |
|
|
|2 120
|1 01
|x 0715
|b 947107827
|y x
|z 09-09-09
|
| 980 |
|
|
|2 130
|1 01
|x 0700
|b 807303097
|y xb
|z 17-05-10
|
| 980 |
|
|
|2 179
|1 01
|x 8306
|b 1221432079
|c 00
|f B4/MGH
|d --%%--
|e g
|j --%%--
|y x
|z 26-01-11
|
| 980 |
|
|
|2 227
|1 01
|x 0056
|b 932710719
|y x
|z 28-04-09
|
| 980 |
|
|
|2 285
|1 01
|x 0517
|b 1101946105
|y x
|z 09-11-09
|
| 980 |
|
|
|2 350
|1 01
|x 8293
|b 1164617222
|c 00
|f MAG3
|d Ba 23
|e i
|j --%%--
|y x
|z 01-06-10
|
| 983 |
|
|
|2 60
|1 00
|x DE-705
|8 05
|a HIL 549.6:YD0008
|
| 995 |
|
|
|2 24
|1 01
|x 0008
|a ha
|
| 995 |
|
|
|2 24
|1 03
|x 0008
|a hb
|